000 00664cam a22002297a 4500
001 16731245
003 ARRUPE
005 20131011123711.0
008 110412s2010 rh 000 f eng
010 _a 2011349234
020 _a9780797441682
040 _aDLC
_cDLC
042 _alcode
050 0 0 _aPR9390.9M34
_b.A4 2010
100 1 _aMasilo, Violet.
_92473
245 1 4 _aThe African tea cosy /
_cViolet Masilo.
260 _aHarare, Zimbabwe :
_bZimbabwe Women Writers,
_c2010.
300 _a178 p. ;
_c21 cm.
906 _a7
_bcbc
_corigode
_d4
_encip
_f20
_gy-gencatlg
942 _2lcc
_cMONOGRAPH
999 _c118333
_d118333